000 00288nam a2200109Ia 4500
008 200302s9999 xx 000 0 und d
100 _aGeorge Barford
245 _aClay in the Classroom A Means to Creative Expression
260 _bDavis Publishing Inc.,
260 _c1963
300 _a118 P.,
999 _c335
_d335